00490 2200217 4500001002100000005001700021020001800038035002500056040001100081082001200092084001800104090001800122100001600140245001600156260002800172300002000200650001600220850001200236990001200248990001200260YOGYA00000000003749420150625104250.0 a979-669-816-1 a0010-081400000037212 aYOPDIY a634.651 a634.651 Tri S a634.651/Tri/S aTri Margono aSaos Pepaya aJakartabGrasindoc2000 a23 hlm,c25 cm. aSaos Pepaya aYOPDYOG a1223-PK a1224-PK